000 05032cam a22014294i 4500
001 u53273
003 PE-LiUPU
005 20250813185633.0
008 150706s2010 pe rb 000 0 spa d
020 _a9972234401
020 _a9789972234408
035 _a(Sirsi) i9789972234408
040 _aPE-LiUPU
_bspa
_cPE-LiUPU
_dPE-LiUPU
_erda
049 _aPRUA
082 0 4 _a343.8
_bR71 2009
082 0 4 _a343.8
_bR71
_221
100 1 _aRobles Moreno, Carmen del Pilar,
_eautor.
245 1 0 _aCódigo tributario :
_bdoctrina y comentario /
_cCarmen Del Pilar Robles Moreno [y tros tres].
264 1 _aLima :
_bPacífico Editores,
_c2010.
300 _a1124 páginas ;
_c25 centímetros
336 _atext
_2rdacontent
337 _aunmediated
_2rdamedia
338 _avolume
_2rdacarrier
505 0 _aTítulo Preliminar, Normas I -XV -- Estudio Preliminar-Libro Primero: La Obligación Tributaria -- Estudio Preliminar-Libro Segundo: La Administración Triburaria y los Administrados -- Estudio Preliminar-LibroTercero: Procedimientos tributarios -- Estudio Preliminar-Libro Cuarto: Infracciones, Sanciones y Delitos.
526 _aP202
526 _aP201
526 _aP163
526 _aP162
526 _aP161
526 _aP160
526 _aP148
526 _aP147
526 _aP146
526 _aP145
526 _aP144
526 _aP143
526 _aP142
526 _aP141
526 _aP140
526 _aP139
526 _aP138
526 _aP137
526 _aP136
526 _aP135
526 _aP134
526 _aP133
526 _aP129
526 _aP128
526 _aP127
526 _aP120
526 _aP119
526 _aP118
526 _aP116
526 _aP115
526 _aP114
526 _aP110
526 _aP109
526 _aP108
526 _aP104
526 _aP103
526 _aP102
526 _aP99
526 _aP98
526 _aP97
526 _aP96
526 _aP95
526 _aP93
526 _aP90
526 _aP89
526 _aP88
526 _aP83
526 _aP82
526 _aP62
526 _aP59
526 _aP58
526 _aP57
526 _aP51
526 _aP49
526 _aP48
526 _aP47
526 _aP29
526 _aP24
526 _aP20
526 _aP19
526 _aP17
526 _aP15
526 _aP14
526 _aP12
526 _aP10
526 _aP09
526 _aP08
526 _aP07
526 _aP06
526 _aP05
526 _aP04
526 _aP01
541 _g001-000072;
596 _a1 2 3
610 2 _aPerú
_xCódigo Tributario
_vComentarios.
650 0 4 _aAdministración tributaria y procedimiento
_zPerú.
650 0 4 _aDerecho comparado
_zPerú.
650 0 4 _aDerecho tributario
_xJurisprudencia
_zPerú.
650 0 4 _aImpuestos
_xDerecho y legislación
_zPerú.
700 1 _aBravo Cucci, Jorge,
_eautor.
700 1 _aRobles Moreno, Carmen del Pilar,
_eautor.
700 1 _aRuiz de Castilla Ponce de León, Francisco J.,
_eautor.
910 _agl
_cbd
_d20131022
910 _btqv
_cwelc
_d20161122
942 _2ddc
_cBOOK
949 _a343.07 R71 2010
_wDEWEY
_c1
_iFT02537
_d2018-5-18
_e2018-5-17
_lCCODEBUT1
_mBUT
_n2
_p40.00
_r0
_sY
_tBOOK
_u2015-12-22
_xFCE
_PP08
_0COMPRA
_o.STAFF. Colección General
949 _a343.07 R71 2010
_wDEWEY
_c2
_iFT01665
_d2018-4-3
_e2018-3-28
_lCCODEBUT1
_mBUT
_n1
_p40.00
_r0
_sY
_tBOOK
_u2015-12-22
_xFCE
_PP08
_0COMPRA
_o.CIRCNOTE. Colección General
949 _a343.8 R71 2009
_wDEWEY
_c1
_iFJ04326
_d2018-5-28
_e2018-5-25
_f2017-12-28
_g1
_lCCODEBUJ1
_mBUJ
_n3
_p38.00
_q3
_r0
_sY
_tBOOK
_u2015-10-7
_xFCE
_PP08
_0COMPRA
_o.STAFF. Colección General Juliaca
949 _a343.8 R71
_wDEWEY
_c1
_i68725
_d2018-5-20
_e2018-5-20
_f2018-2-12
_g3
_lCCODEBUL1
_mBUL
_n15
_p38.00
_q5
_r0
_sY
_tBOOK
_u2015-7-6
_xFCE
_PP08
_0COMPRA
_o.STAFF. Colección Ciencias Empresariales
994 _aC0
_bPEPRU
999 _a343.8 R71
_wDEWEY
_c55970
_i68725
_d55970
_e2018-5-20
_f2021-11-30
_g6
_lCCODEBUL1
_mBUL
_n15
_p38.00
_q8
_r0
_sY
_tBOOK
_u2015-7-6
_xFCE
_zP08
_0COMPRA
_o.STAFF. Colección Ciencias Empresariales
999 _a343.8 R71 2009
_wDEWEY
_c1
_iFJ04326
_d2019-11-6
_e2018-5-25
_f2022-1-18
_g4
_lCCODEBUJ1
_mBUJ
_n3
_p38.00
_q13
_r0
_sY
_tBOOK
_u2015-10-7
_xFCE
_PP08
_0COMPRA
_o.STAFF. Colección General Juliaca
999 _a343.07 R71 2010
_wDEWEY
_c1
_iFT02537
_d2018-5-18
_e2018-5-17
_f2019-2-20
_g1
_lCCODEBUT1
_mBUT
_n2
_p40.00
_r0
_sY
_tBOOK
_u2015-12-22
_xFCE
_PP08
_0COMPRA
_o.STAFF. Colección General
999 _a343.07 R71 2010
_wDEWEY
_c2
_iFT01665
_d2018-4-3
_e2018-3-28
_f2019-2-20
_g1
_lCCODEBUT1
_mBUT
_n1
_p40.00
_r0
_sY
_tBOOK
_u2015-12-22
_xFCE
_PP08
_0COMPRA
_o.CIRCNOTE. Colección General
980 _81
_gALBERTO SANCHEZ Responsable de Automatización